Estatísticas para Cultura Geral

Clique aqui para jogar o quiz

Estatísticas Gerais

  • Esse quiz foi jogado 5 vezes
  • A pontuação média é 3 de 15

Estatísticas das Respostas

HintResposta% Correto
Que nome damos á função através da qual os seres vivos produzem descendentes?Reprodução
100%
Que nome damos ao ramo da medicina que foca o estudo, a prevenção e o tratamento de doenças e da incapacidade em idades avançadas?Geriatria
50%
Que nome damos á especialidade médica dedicada à assistência à criança e ao adolescente, nos seus diversos aspectos, sejam eles preventivos ou curativos?Pediatria
50%
Em Contabilidade, que nome damos ao gasto necessário para a obtenção de receita?Despesa
25%
Que nome damos á ciência que estuda os remédios?Farmácia
25%
Que nome damos á ciência da saúde aplicada ao estudo, diagnóstico, prevenção e tratamento de disfunções cinéticas funcionais de órgãos e sistemas?Fisioterapia
25%
Que nome damos á ação de destruir ou danificar uma propriedade alheia de forma intencional, seja esta pública ou privada, geralmente sem motivo aparente ou com o propósito de causar ruína?Vandalismo
25%
Que nome damos á atração sexual ou romântica por pessoas de mais de um género ou sexo?Bissexualidade
0%
Que ciência tem como objetivo a análise dos movimentos?Cinesiologia
0%
Que nome damos á identidade de género que corresponde ao sexo atribuído no nascimento?Cisgeneridade
0%
Que nome damos á ciência que estuda o processo de envelhecimento em suas dimensões biológica, psicológica e social?Gerontologia
0%
Que nome damos ao procedimento com aparelhos mecânicos para fortalecer, alongar, repotencializar a musculatura e reeducar movimentos comprometido?Mecanoterapia
0%
Que nome damos á capacidade de se atrair por todos os géneros ou sentir atração independente de género?Pansexualidade
0%
Que nome damos á área da saúde que se dedica ao estudo dos cuidados com o ser humano em desenvolvimento, mais especificamente com o acompanhamento do desenvolvimento infantil?Puericultura
0%
Que nome damos á atividade de monitoramento e acompanhamento de comportamento e atividades de pessoas ou locais?Vigilância
0%

Distribuição das Pontuações

Percentil de Números Respondidos

Porcentagem de Pessoas com Cada Pontuação

Sua Pontuação Histórica

Você não jogou esse quiz